<?xml version="1.0" encoding="UTF-8"?>
<collection xmlns="http://www.loc.gov/MARC21/slim">
 <record>
  <leader>00585pamaa2200193   4500</leader>
  <controlfield tag="001">0000051877</controlfield>
  <controlfield tag="005">20131127090000.0</controlfield>
  <controlfield tag="008">131127s2011                             eng  </controlfield>
  <datafield tag="020" ind1="0" ind2="0">
   <subfield code="a">9780495667704 </subfield>
  </datafield>
  <datafield tag="082" ind1=" " ind2=" ">
   <subfield code="a">621.4022 KRE 2011</subfield>
  </datafield>
  <datafield tag="090" ind1="0" ind2="0">
   <subfield code="a">TJ260 </subfield>
   <subfield code="b">KRE 2011</subfield>
  </datafield>
  <datafield tag="100" ind1="1" ind2="0">
   <subfield code="a">Kreith </subfield>
  </datafield>
  <datafield tag="245" ind1="1" ind2="0">
   <subfield code="a">Principles of heat transfer  </subfield>
   <subfield code="c">Frank Kreith, Raj M. Manglik and  Mark S. Bohn.</subfield>
  </datafield>
  <datafield tag="250" ind1="0" ind2="0">
   <subfield code="a">7th ed.</subfield>
  </datafield>
  <datafield tag="260" ind1="0" ind2="0">
   <subfield code="a">Mason, OH: </subfield>
   <subfield code="b">Brooks/Cole, </subfield>
   <subfield code="c">2011.</subfield>
  </datafield>
  <datafield tag="300" ind1=" " ind2=" ">
   <subfield code="a">xiii, 696p.: </subfield>
   <subfield code="b">col.ill.; </subfield>
   <subfield code="c">26.</subfield>
  </datafield>
  <datafield tag="650" ind1="0" ind2="0">
   <subfield code="a">Heat -- </subfield>
   <subfield code="x">Transmission </subfield>
  </datafield>
  <datafield tag="700" ind1="1" ind2="1">
   <subfield code="a">BOHN, </subfield>
   <subfield code="h">Mark S. </subfield>
  </datafield>
  <datafield tag="700" ind1="1" ind2="1">
   <subfield code="a">Manglik, </subfield>
   <subfield code="h">Raj M.008 </subfield>
  </datafield>
 </record>
</collection>
